| 000 | ncm a22 a 4500 | ||
|---|---|---|---|
| 999 |
_c352793 _d352793 |
||
| 003 | BLK | ||
| 005 | 20201007040713.0 | ||
| 008 | 200409b bu ||||| |||| 00| 0 bu d | ||
| 040 | _aBLK | ||
| 041 |
_aRUS _cRUS |
||
| 080 |
_aКамерна вок. муз. Песни, балади, арии, романси _b784.3 _z784.3 |
||
| 100 |
_aСоловьов-Седой, Василий Павлович _eпърви автор _91299 |
||
| 139 |
_aСоловьов-Седой, Василий Павлович _bС 51 |
||
| 245 |
_aПесни, отмеченные Ленинской премией _bДля пения (соло, хор) с ф.-п. _cВасилий Павлович Соловьев-Седой |
||
| 257 | _aRUS | ||
| 260 |
_9402764 _aЛенинград _bМузыка _c1969 |
||
| 300 |
_a27 с. _c29 см |
||
| 380 | _a7 | ||
| 505 |
_rТекст Е. Долматовски _tЕсли бы парни всей земли |
||
| 505 |
_rТекст Л. Ошанин _tВерсты |
||
| 505 |
_rТекст М. Матусовси _tПодмосковные вечера: Песня из кинофильма "В дни спартакиады" |
||
| 650 | 7 |
_9166108 _aПесни |
|
| 650 | 0 |
_9267007 _aКомпозитори, руски |
|
| 653 | 7 |
_9195905 _aруски песни |
|
| 653 | 7 |
_9184164 _aглас |
|
| 653 | 7 |
_9200118 _aхорове |
|
| 653 | 7 |
_9188624 _aклавирен съпровод |
|
| 852 |
_aЦб М ІІ 5611 _bИП |
||
| 942 |
_cNOT _n0 _s1 |
||
| 944 |
_c2020-04-09 _kВалентина Караджова |
||
| 999 | _d352793 | ||